000 00489nam a2200181Ia 4500
003 GCL
008 140319s9999 xx 000 0 eng d
040 _aGCL /
_cGCL
082 0 4 _a612.63
_bJ V
100 1 _aJOHNSTON, PETER G. B.
245 1 0 _aVULLIAMYS THE NEWBORB CHILD /
_cJOHNSTON, PETER G. B.
260 _a[S.N] :
_bELBS WITH CHAPMEN & HALL ،
_c1994
300 _a201 P P
650 0 4 _aDEVELOPMENT
650 0 4 _aINFANT ( NEWBORN )
650 0 4 _aCHILD - CARE
942 _2ddc
_cBK
999 _c16824
_d16824